PRINCIPLES OF COMBUSTION (Record no. 568922)

000 -LEADER
fixed length control field 00352nam a22001457a 4500
020 ## - INTERNATIONAL STANDARD BOOK NUMBER
International Standard Book Number 0-471-04689-2
082 ## - DEWEY DECIMAL CLASSIFICATION NUMBER
Classification number 621.4023 KUO
100 ## - MAIN ENTRY--PERSONAL NAME
Personal name KUO, KENNETH .K.
9 (RLIN) 58813
245 ## - TITLE STATEMENT
Title PRINCIPLES OF COMBUSTION
250 ## - EDITION STATEMENT
Edition statement 2ND
260 ## - PUBLICATION, DISTRIBUTION, ETC.
Place of publication, distribution, etc. NEW JERSEY
Name of publisher, distributor, etc. JOHN WILEY
Date of publication, distribution, etc. 2005
300 ## - PHYSICAL DESCRIPTION
Extent XIX,732P
650 ## - SUBJECT ADDED ENTRY--TOPICAL TERM
Topical term or geographic name entry element COMBUSTION ENGINEERING
9 (RLIN) 58814
942 ## - ADDED ENTRY ELEMENTS (KOHA)
Koha item type Book
Holdings
Withdrawn status Lost status Source of classification or shelving scheme Damaged status Not for loan Permanent Location Current Location Shelving location Date acquired Full call number Barcode Date last seen Price effective from Koha item type
          College of Electrical & Mechanical Engineering (CEME) College of Electrical & Mechanical Engineering (CEME) General Stacks 07/17/2017 621.4023 KUO CEME-40872 06/28/2021 06/28/2021 Book
© 2023 Central Library, National University of Sciences and Technology. All Rights Reserved.